Statistics for Ultimate Logic Discography

Click here to take the quiz!

General Stats

  • This quiz has been taken 16 times
  • The average score is 70 of 140

Answer Stats

YearTypeAlbumAnswer% Correct
2014Album | SongUnder PressureUnder Pressure
100%
SongUnder PressureGang Related
90%
2020Album | SongNo PressureNo Pressure
90%
SongConfessions of a Dangerous MindBOBBY (feat. My Dad)
80%
SongEverybodyConfess
80%
2019Album | SongConfessions of a Dangerous MindConfessions of a Dangerous Mind
80%
2017Album | SongEverybodyEverybody
80%
SongUnder PressureMetropolis
80%
SongNo PressureOpen Mic\\Aquarius III
80%
SongUnder PressureSoul Food
80%
SongNo PressureSoul Food II
80%
2015Album | SongThe Incredible True StoryThe Incredible True Story
80%
SongEverybody1-800-273-8255
70%
SongBobby Tarantino44 Bars
70%
SongBobby Tarantino II44 More
70%
2016AlbumBobby TarantinoBobby Tarantino
70%
SongUnder PressureBuried Alive
70%
SongThe Incredible True StoryCity Of Stars
70%
SongNo PressureDadBod
70%
SongThe Incredible True StoryFade Away
70%
SongNo PressureGP4
70%
SongNo PressureHit My Line
70%
SongUnder PressureI'm Gone
70%
SongUnder PressureIntro
70%
SongUnder PressureNikki
70%
2018Album | SongYSIVYSIV
70%
SongNo Pressure5 Hooks
60%
SongNo PressureAmen
60%
SongEverybodyAmerica
60%
SongEverybodyBlack SpiderMan
60%
2018AlbumBobby Tarantino IIBobby Tarantino II
60%
SongConfessions of a Dangerous MindCocaine
60%
SongThe Incredible True StoryContact
60%
SongNo PressureDark Place
60%
SongBobby Tarantino IIEveryday
60%
SongBobby Tarantino IIGrandpa's Space Ship
60%
SongUnder PressureGrowing Pains III
60%
SongNo PressureHeard Em Say
60%
SongConfessions of a Dangerous MindHomicide (feat. Eminem)
60%
SongThe Incredible True StoryLord Willin'
60%
SongNo Pressureman i is
60%
SongUnder PressureNow
60%
SongNo PressurePerfect
60%
SongConfessions of a Dangerous MindStill Ballin (feat. Wiz Khalifa)
60%
SongSupermarket (Soundtrack)Supermarket
60%
2019AlbumSupermarket (Soundtrack)Supermarket (Soundtrack)
60%
SongYSIVThank You (ft. Lucy Rose & The RattPack)
60%
SongThe Incredible True StoryUpgrade
60%
SongThe Incredible True StoryYoung Jesus
60%
SongNo PressureA2Z
50%
SongEverybodyAfricAryaN
50%
SongEverybodyAnziety
50%
SongUnder PressureBounce
50%
SongNo PressureCelebration
50%
SongConfessions of a Dangerous MindCOMMANDO (feat. G-Eazy)
50%
SongUnder PressureDriving Ms Daisy
50%
SongBobby TarantinoFlexicution
50%
SongEverybodyHallelujah
50%
SongYSIVICONIC (ft. Jaden Smith)
50%
SongConfessions of a Dangerous MindIcy (feat. Gucci Mane)
50%
SongEverybodyKilling Spree
50%
SongConfessions of a Dangerous MindLimitless
50%
SongThe Incredible True StoryLucidity - Scene
50%
SongConfessions of a Dangerous MindMama/Show Love (feat. YBN Cordae)
50%
SongUnder PressureNever Enough
50%
SongNo PressureObediently Yours
50%
SongYSIVOne Day (ft. Ryan Tedder)
50%
SongBobby Tarantino IIOvernight
50%
SongThe Incredible True StoryParadise
50%
SongThe Incredible True StoryThe Cube - Scene
50%
SongYSIVThe Return
50%
SongUnder PressureTill The End
50%
SongConfessions of a Dangerous MindWannabe
50%
SongBobby Tarantino IIWassup
50%
SongThe Incredible True StoryWhite People - Scene
50%
SongYSIVWu Tang Forever (ft. Ghostface Killah, Raekwon, RZA, Method Man, Inspectah Deck, Cappadonna, Jackpot Scotty Wotty, U-God, Masta Killa, GZA)
50%
SongUnder PressureAlright
40%
SongThe Incredible True StoryBabel - Scene
40%
SongSupermarket (Soundtrack)Bohemian Trapsody
40%
SongConfessions of a Dangerous Mindclickbait
40%
SongConfessions of a Dangerous MindDon't Be Afraid To Be Different (feat. Will Smith)
40%
SongYSIVEverybody Dies
40%
SongThe Incredible True StoryI Am The Greatest
40%
SongBobby Tarantinoilluminatro
40%
SongThe Incredible True StoryIntermission
40%
SongConfessions of a Dangerous MindKeanu Reeves
40%
SongThe Incredible True StoryLike Woah
40%
SongBobby Tarantino IIMidnight
40%
SongThe Incredible True StoryNever Been
40%
SongYSIVOrdinary Day (ft. Hailee Steinfeld)
40%
SongConfessions of a Dangerous MindOut Of Sight
40%
SongSupermarket (Soundtrack)Pretty Young Girl
40%
SongThe Incredible True StoryRun It
40%
SongBobby TarantinoSlave
40%
SongBobby TarantinoSlave II
40%
SongThe Incredible True StoryStainless
40%
SongYSIVThe Glorious Five
40%
SongYSIV100 Miles and Running (ft. Wale and John Lindahl
30%
SongSupermarket (Soundtrack)Baby
30%
SongSupermarket (Soundtrack)Best Friend
30%
SongBobby Tarantino IIBoomTrap Protocol
30%
SongSupermarket (Soundtrack)Can I Kick It
30%
SongBobby Tarantino IIContra
30%
SongSupermarket (Soundtrack)DeLorean
30%
SongSupermarket (Soundtrack)I Love You Forever
30%
SongBobby Tarantino IIIndica Badu
30%
SongEverybodyInk Blot
30%
SongYSIVLast Call
30%
SongSupermarket (Soundtrack)Lemon Drop
30%
2019SingleOCD (with Dwn2earth)OCD (with Dwn2earth)
30%
SongConfessions of a Dangerous MindPardon My Ego
30%
SongBobby Tarantino IIState Of Emergency
30%
SongBobby TarantinoSuper Mario World
30%
SongEverybodyTake It Back
30%
SongYSIVThe Adventures Of Stoney Bob (ft. Kajo, Slaydro, Big Lenbo)
30%
SongBobby TarantinoThe Jam
30%
SongSupermarket (Soundtrack)Vacation From Myself
30%
SongEverybodyWaiting Room
30%
SongBobby Tarantino IIWizard Of Oz
30%
SongBobby TarantinoWrist
30%
SongBobby Tarantino IIYuck
30%
SongBobby TarantinoA Word From Our Sponsor
20%
SongSupermarket (Soundtrack)By The Bridge
20%
SongBobby TarantinoDeeper Than Money
20%
SongSupermarket (Soundtrack)I'm Probably Gonna Rock Your World
20%
SongYSIVLegacy
20%
SongEverybodyMos Definitely
20%
SongYSIVStreet Dreams II
20%
SongSupermarket (Soundtrack)Time Machine
20%
SongBobby Tarantino IIWarm It Up
20%
2017SingleBroken People (with Logic & Rag'n'Bone) [From Bright: The Album]Broken People (with Logic & Rag'n'Bone) [From Bright: The Album]
10%
SongConfessions of a Dangerous MindLost In Transation
10%
SongBobby TarantinoStudio Ambience At Night: Malibu
10%
2016SingleI Got This (feat. Logic and Vic Mensa)I Got This (feat. Logic and Vic Mensa)
0%

Score Distribution

Percentile by Number Answered

Percent of People with Each Score

Your Score History

You have not taken this quiz